000
00293nam a2200133Ia 4500
100
_a
Deo/Narsingh
942
_c
BK
654
_a
simulation
245
_a
System simulation and digital computer
260
_b
Prentice Hall
_c
2003
082
_a
4.2
_b
DEO
300
_a
200
546
_a
ENGLISH
999
_c
23236
_d
23236